Text book of Railway Engineering (Record no. 5857)

MARC details
000 -LEADER
fixed length control field 00347nam a2200145Ia 4500
003 - CONTROL NUMBER IDENTIFIER
control field OSt
008 - FIXED-LENGTH DATA ELEMENTS--GENERAL INFORMATION
fixed length control field 191201s2014 xx 000 0 und d
100 ## - MAIN ENTRY--PERSONAL NAME
Personal name SAXENA,SC
245 #0 - TITLE STATEMENT
Title Text book of Railway Engineering
250 ## - EDITION STATEMENT
Edition statement Rep
260 ## - PUBLICATION, DISTRIBUTION, ETC. (IMPRINT)
Place of publication, distribution, etc N. Delhi
Name of publisher, distributor, etc Dhanpat Rai Pubns (P) Ltd
Date of publication, distribution, etc 2014
300 ## - PHYSICAL DESCRIPTION
Extent MISC
650 ## - SUBJECT ADDED ENTRY--TOPICAL TERM
Topical term or geographic name as entry element B.Tech(CE)
942 ## - ADDED ENTRY ELEMENTS (KOHA)
Source of classification or shelving scheme Dewey Decimal Classification
Koha item type Text Books
Holdings
Withdrawn status Lost status Source of classification or shelving scheme Damaged status Not for loan Collection code Home library Current library Date acquired Source of acquisition Cost, normal purchase price Bill Number Total Checkouts Full call number Acc. no. / Barcode Date last seen Actual Cost, discounted price Bill Date Koha item type Checked out Date last borrowed
    Dewey Decimal Classification     B.Tech(CE) PIET C-LIBRARY PIET C-LIBRARY 19/03/2014 IBH, New Delhi 355.00 22960   625.1 SAR 23708 04/12/2019 272.64 12/03/2014 Text Books    
    Dewey Decimal Classification     B.Tech(CE) PIET C-LIBRARY PIET C-LIBRARY 19/03/2014 IBH, New Delhi 355.00 22960   625.1 SAR 23709 04/12/2019 272.64 12/03/2014 Text Books    
    Dewey Decimal Classification     B.Tech(CE) PIET C-LIBRARY PIET C-LIBRARY 19/03/2014 IBH, New Delhi 355.00 22960 2 625.1 SAR 23710 20/01/2022 272.64 12/03/2014 Text Books 19/07/2022 20/01/2022
    Dewey Decimal Classification     B.Tech(CE) PIET C-LIBRARY PIET C-LIBRARY 19/03/2014 IBH, New Delhi 355.00 22960 1 625.1 SAR 23711 04/03/2020 272.64 12/03/2014 Text Books   18/02/2020
    Dewey Decimal Classification     B.Tech(CE) PIET C-LIBRARY PIET C-LIBRARY 19/03/2014 IBH, New Delhi 355.00 22960 3 625.1 SAR 23712 30/01/2023 272.64 12/03/2014 Text Books   18/01/2023

Design & Developed by: PIET Central Library
R70 Miles Stone Pattikalyana Samalkha Panipat 132102
mail ID :- [email protected], Phone No:- 0180-2569700 Ex.216